Music Quiz

Random Music Quiz

Duran Duran Quiz Stats

 Plays Quiz not verified by Sporcle

Score 0/10 Timer 04:00
1 Play Today
Hint Answer % Correct
Year of the band's formation1978
93.7%
Main MemberSimon Le Bon
89.7%
Song that is a James Bond film theme tuneA View to a Kill
82.4%
Main MemberJohn Taylor
80.7%
Main MemberRoger Taylor
80%
First No.1 album (worldwide)Rio
77.5%
City from where the band originateBirmingham
71%
Main MemberNick Rhodes
70.9%
Film from which they got their name, from a character in itBarbarella
64%
First singlePlanet Earth
60.4%

You're not logged in!

Compare scores with friends on all Sporcle quizzes.
OR
Log In

Sporcle TV

Today on Sporcle TV


Watch our educational content, quiz creation guides, and fun videos on Sporcle TV.

You Might Also Like...

Show Comments

Extras

Created Aug 28, 2017ReportNominate
Tags:duran, Duran Duran

Top Quizzes Today


Score Distribution

Your Account Isn't Verified!

In order to create a playlist on Sporcle, you need to verify the email address you used during registration. Go to your Sporcle Settings to finish the process.

Report this User

Report this user for behavior that violates our Community Guidelines.

Details: